00668nam a2200217 a 450000100060000000300080000600500170001400800410003102000380007203500190011004000270012904100080015608200240016424500780018826000690026630000290033550000200036465000230038465000240040770000190043153978BD-RjUL20211209080044.0161030s1973 enkab b 001 0 eng  a006318012X :c£5.50.a0063180138 a(BD-RjUL)54100 aDLCcDLCdBD-RjULbeng aeng00223a338.9bREG 197310aRegional analysis and development /cedited by John Blunden ... [et al.]  aNew York :bHarper and Row for the Open University Press,c1973. a318 p. :bill. ;c26 cm. aIncludes Index. 0aRegional planning. 0aRegional economics.1 aBlunden, John.